Churdhara aru pimpora gusuwa jhumura aru ajyodha kunda (Record no. 2580)

MARC details
000 -LEADER
fixed length control field 00594cam a2200205ua 4500
008 - FIXED-LENGTH DATA ELEMENTS--GENERAL INFORMATION
fixed length control field 111128n ii |||gr||||Z||||||asm
040 ## - CATALOGING SOURCE
Transcribing agency MAIN
082 ## - DEWEY DECIMAL CLASSIFICATION NUMBER
Classification number 891.4512
100 ## - MAIN ENTRY--PERSONAL NAME
Personal name Madhav deva,
Relator term
245 11 - TITLE STATEMENT
Title Churdhara aru pimpora gusuwa jhumura aru ajyodha kunda
Statement of responsibility, etc. by Madhavdeva
250 ## - EDITION STATEMENT
Edition statement 2nd.
260 ## - PUBLICATION, DISTRIBUTION, ETC.
Place of publication, distribution, etc. Guahati:
Name of publisher, distributor, etc. Jyoti prakashan,994.
300 ## - PHYSICAL DESCRIPTION
Extent 214p:
Dimensions 23cm.
700 ## - ADDED ENTRY--PERSONAL NAME
Personal name Kandali, Madhav,
Relator term
700 ## - ADDED ENTRY--PERSONAL NAME
Personal name Hazarika, Minati,
Relator term
942 ## - ADDED ENTRY ELEMENTS (KOHA)
Koha item type Books
653 ## - INDEX TERM--UNCONTROLLED
Uncontrolled term Assamese drama
653 ## - INDEX TERM--UNCONTROLLED
Uncontrolled term Churdhara aru pimpora gusuwa jhumura aru ajyodha kunda
Holdings
Withdrawn status Lost status Damaged status Not for loan Home library Current library Shelving location Date acquired Total Checkouts Full call number Barcode Date last seen Copy number Price effective from Koha item type
        Central Library, Naharkatiya College Central Library, Naharkatiya College General Stacks 19/09/2020   891.4512 | MAD 9642 19/09/2020 2 19/09/2020 Books
        Central Library, Naharkatiya College Central Library, Naharkatiya College General Stacks 19/09/2020   891.4512 | MAD 9643 19/09/2020 1 19/09/2020 Books
        Central Library, Naharkatiya College Central Library, Naharkatiya College General Stacks 19/09/2020   891.4512 | MAD 9644 19/09/2020 3 19/09/2020 Books

Naharkatiya College © 2020. All rights reserved.

Powered By